000
00171nam a22000857a 4500
082
_a
823
100
_a
VERMON THOMAS
245
_a
MORE TALES FROM THE PANCHATANTRA
942
_c
BK
999
_c
8504
_d
8504